Legislación laboral y la organización de los trabajadores /
Sin resumen
Uloženo v:
| Hlavní autor: | |
|---|---|
| Médium: | Text |
| Témata: | |
| Tagy: |
Přidat tag
Žádné tagy, Buďte první, kdo vytvoří štítek k tomuto záznamu!
|
MARC
| LEADER | 00000 a a2200000 04500 | ||
|---|---|---|---|
| 001 | 15 | ||
| 003 | |||
| 040 | |||
| 100 | |a Devandas Brenes, Mario | ||
| 245 | |a Legislación laboral y la organización de los trabajadores / |c Mario Devandas Brenes | ||
| 520 | |a Sin resumen | ||
| 650 | |a LEGISLACION DEL TRABAJO | ||
| 650 | |a TRABAJADORES | ||
| 650 | |a REPRESENTACION DE LOS TRABAJADORES | ||
| 773 | |g número 13 -14; páginas 123-129 | ||
| 999 | |c 19805 |d 19805 | ||
| 773 | 0 | |0 18806 |9 2087 |a Universidad Nacional de Costa Rica |d Heredia: C.R.: EUNA |o 02253 |t ABRA |x 14093928 | |
